Kremnica II. diel
| Main Author: | |
|---|---|
| Format: | Book |
| Language: | English |
| PhysicalDescription: | 10 s. |
| Published: |
Bratislava
Diafilm
1956
|
MARC
| LEADER | 00000nam a2200000 a 4500 | ||
|---|---|---|---|
| 001 | vtls008692425 | ||
| 003 | SK-MaSNL | ||
| 005 | 20260301080041.0 | ||
| 008 | 240315 xo 000 0 eng | ||
| 040 | |a SNK |b slo |c SNK |e AACR2 | ||
| 044 | |a xo |c SK | ||
| 100 | 1 | |a Šášky, Ladislav, |d 1926-1994 |4 aut |9 119255 | |
| 245 | 1 | |a Kremnica |n II. diel | |
| 260 | |a Bratislava |b Diafilm |c 1956 | ||
| 300 | |a 10 s. | ||
| 500 | |a diafilm | ||
| 999 | |c 652021 |d 653951 | ||
| 952 | |a SNK |b SNK |y PREZ |7 0 |p 17A0504973 |o snkSD 13495/2 |i snkKSP 1660/57 |3 rekatalogizácia |0 0 |1 0 |4 0 |d 2006-04-20 |l 0 |r 2025-11-26 00:00:00 |w 2026-02-23 | ||


